[Event "Skopje op"]
[Site "Skopje"]
[Date "2011.03.21"]
[Round "3"]
[White "Koskoska, Gabriela"]
[Black "Taushanov, Mihail"]
[Result "1-0"]
[WhiteElo "2145"]
[BlackElo "1965"]
[PlyCount "103"]
[EventDate "2011.03.19"]
[EventType "swiss"]
[EventRounds "9"]
[EventCountry "MKD"]
[SourceTitle "CBM 141 Extra"]
[Source "ChessBase"]
[SourceDate "2011.05.03"]
[SourceVersion "1"]
[SourceVersionDate "2011.05.03"]
[SourceQuality "1"]

1. e4 c5 2. Nf3 Nc6 3. d4 cxd4 4. Nxd4 g6 5. c4 Nf6 6. Nc3 Nxd4 7. Qxd4 d6 8. Be2 Bg7 9. Be3 0-0 10. Qd2 Be6 11. f3 Qa5 12. Nd5 Qxd2+ 13. Kxd2 Bxd5 14. cxd5 Nd7 15. Rac1 Rfc8 16. b4 Nb6 17. Rxc8+ Rxc8 18. Rc1 Rxc1 19. Kxc1 Bc3 20. a3 Kf8 21. Kc2 Be5 22. f4 Bg7 23. Kb3 Ke8 24. Bg4 h5 25. Bh3 Kd8 26. a4 Bh6 27. g3 Kc7 28. a5 Na8 29. Bxa7 b6 30. a6 g5 31. fxg5 Bxg5 32. Bf1 Be3 33. Be2 h4 34. gxh4 Kc8 35. Bg4+ Kc7 36. h5 Bf4 37. h3 Bg5 38. Ka4 Be3 39. Kb5 Bg5 40. Kc4 Be3 41. Kd3 Bh6 42. Bd1 Kc8 43. Ba4 Nc7 44. Bxb6 Nxa6 45. Kc4 Nc7 46. Bc6 e6 47. Bf2 f5 48. dxe6 fxe4 49. e7 e3 50. Bh4 d5+ 51. Kd3 d4 52. b5 1-0

[Event "Skopje op"]
[Site "Skopje"]
[Date "2011.03.19"]
[Round "1"]
[White "Bogdanovski, Vlatko"]
[Black "Taushanov, Mihail"]
[Result "1-0"]
[WhiteElo "2421"]
[BlackElo "1965"]
[PlyCount "45"]
[EventDate "2011.03.19"]
[EventType "swiss"]
[EventRounds "9"]
[EventCountry "MKD"]
[SourceTitle "CBM 141 Extra"]
[Source "ChessBase"]
[SourceDate "2011.05.03"]
[SourceVersion "1"]
[SourceVersionDate "2011.05.03"]
[SourceQuality "1"]

1. d4 Nf6 2. c4 g6 3. Nc3 Bg7 4. e4 d6 5. Nge2 0-0 6. f3 c6 7. Be3 a6 8. c5 b5 9. cxd6 exd6 10. Qd2 Re8 11. Nf4 Nbd7 12. Be2 Nb6 13. 0-0 Rb8 14. Rac1 Qe7 15. b3 Bd7 16. Rfe1 Rbc8 17. Bf1 Red8 18. Nd3 Be6 19. d5 Nbxd5 20. exd5 cxd5 21. Nf4 b4 22. Nce2 Bf5 23. Nd4 1-0

[Event "Thessaloniki op"]
[Site "Thessaloniki"]
[Date "2010.04.11"]
[Round "9"]
[White "Taushanov, Mihail"]
[Black "Sidiropoulos, Nikolaos"]
[Result "1/2-1/2"]
[WhiteElo "1972"]
[BlackElo "2050"]
[PlyCount "112"]
[EventDate "2010.04.04"]
[EventType "swiss"]
[EventRounds "9"]
[EventCountry "GRE"]
[SourceTitle "CBM 135 Extra"]
[Source "ChessBase"]
[SourceDate "2010.05.04"]
[SourceVersion "1"]
[SourceVersionDate "2010.05.04"]
[SourceQuality "1"]

1. c4 c5 2. g3 Nc6 3. Bg2 g6 4. Nc3 Bg7 5. e3 d6 6. Nge2 e5 7. 0-0 Nge7 8. a3 0-0 9. Rb1 a5 10. d3 Be6 11. Nd5 Rb8 12. Bd2 Qd7 13. Qa4 Nc8 14. Nec3 Bh3 15. Ne4 f6 16. f4 Bxg2 17. Kxg2 Qe6 18. fxe5 b5 19. Qc2 Nxe5 20. Nc7 Qf7 21. Nxb5 d5 22. Nf2 dxc4 23. Nc3 Qb7+ 24. e4 cxd3 25. Nxd3 Nxd3 26. Qxd3 f5 27. Bf4 Ra8 28. Qc4+ Kh8 29. Qxc5 Re8 30. Qd5 Qxd5 31. exd5 Nb6 32. d6 Rad8 33. Rfe1 h6 34. Rxe8+ Rxe8 35. Rd1 g5 36. Bc1 Kg8 37. Nd5 Nd7 38. Ne7+ Kf8 39. Rf1 Be5 40. Nxf5 Kg8 41. g4 Re6 42. Rd1 Bxb2 43. Ne7+ Kf7 44. Nf5 Re2+ 45. Kf3 Rxh2 46. Nxh6+ Kg6 47. Nf5 Rh3+ 48. Kg2 Rb3 49. a4 Bxc1 50. Rxc1 Rb4 51. Kg3 Nf8 52. Ne3 Rxa4 53. Rd1 Re4 54. Kf2 Nd7 55. Rd5 a4 56. Ra5 Rd4 1/2-1/2

[Event "Thessaloniki op"]
[Site "Thessaloniki"]
[Date "2010.04.09"]
[Round "7"]
[White "Taushanov, Mihail"]
[Black "Kanakaris, Georgios"]
[Result "0-1"]
[WhiteElo "1972"]
[BlackElo "2327"]
[PlyCount "49"]
[EventDate "2010.04.04"]
[EventType "swiss"]
[EventRounds "9"]
[EventCountry "GRE"]
[SourceTitle "CBM 135 Extra"]
[Source "ChessBase"]
[SourceDate "2010.05.04"]
[SourceVersion "1"]
[SourceVersionDate "2010.05.04"]
[SourceQuality "1"]

1. Nf3 d5 2. g3 Nf6 3. Bg2 c5 4. 0-0 Nc6 5. d4 Bf5 6. b3 e6 7. Bb2 h6 8. e3 Be7 9. Nbd2 Nb4 10. Ne1 Rc8 11. a3 Nc6 12. Ndf3 Qb6 13. dxc5 Bxc5 14. Nd3 Be7 15. a4 0-0 16. a5 Nxa5 17. Bd4 Qc7 18. Nfe5 a6 19. Qd2 Nc6 20. Nxc6 Qxc6 21. c4 Be4 22. Rfc1 Bxg2 23. Kxg2 dxc4+ 24. Kg1 Ne4 25. Qe2 0-1

[Event "Belgrade Spring op"]
[Site "Belgrade"]
[Date "2010.03.30"]
[Round "7"]
[White "Andric, Vladimir"]
[Black "Taushanov, Mihail"]
[Result "1-0"]
[WhiteElo "2082"]
[BlackElo "1972"]
[PlyCount "63"]
[EventDate "2010.03.23"]
[EventType "swiss"]
[EventRounds "9"]
[EventCountry "YUG"]
[SourceTitle "CBM 135 Extra"]
[Source "ChessBase"]
[SourceDate "2010.05.04"]
[SourceVersion "1"]
[SourceVersionDate "2010.05.04"]
[SourceQuality "1"]

1. d4 Nf6 2. c4 g6 3. Nc3 Bg7 4. e4 d6 5. h3 0-0 6. Be3 Nbd7 7. Bd3 c6 8. f4 c5 9. d5 e6 10. g4 exd5 11. cxd5 Re8 12. Nf3 Nb6 13. Kf2 Bxg4 14. hxg4 Nxg4+ 15. Ke2 Bxc3 16. bxc3 Nxd5 17. Bd2 c4 18. Bc2 f5 19. Qg1 Ndf6 20. Ng5 h5 21. Qd4 b5 22. Kf3 Qd7 23. Rae1 Rad8 24. exf5 gxf5 25. Kg3 d5 26. Be3 a6 27. Qd2 Rxe3+ 28. Rxe3 Nxe3 29. Qxe3 Re8 30. Qd4 Ng4 31. Rxh5 Re3+ 32. Nf3 1-0

[Event "Belgrade Spring op"]
[Site "Belgrade"]
[Date "2010.03.25"]
[Round "3"]
[White "Tasev, Dejan"]
[Black "Taushanov, Mihail"]
[Result "1-0"]
[WhiteElo "2103"]
[BlackElo "1972"]
[PlyCount "41"]
[EventDate "2010.03.23"]
[EventType "swiss"]
[EventRounds "9"]
[EventCountry "YUG"]
[SourceTitle "CBM 135 Extra"]
[Source "ChessBase"]
[SourceDate "2010.05.04"]
[SourceVersion "1"]
[SourceVersionDate "2010.05.04"]
[SourceQuality "1"]

1. e4 c5 2. d4 cxd4 3. c3 d5 4. exd5 Qxd5 5. cxd4 Nc6 6. Nf3 Bg4 7. Be2 e6 8. Nc3 Bb4 9. 0-0 Bxc3 10. bxc3 Nge7 11. h3 Bh5 12. Re1 0-0 13. Rb1 Qa5 14. Rb5 Bxf3 15. Rxa5 Bxe2 16. Qxe2 Nxa5 17. Qb5 Nec6 18. Re3 Rac8 19. Rg3 Nxd4 20. cxd4 Rxc1+ 21. Kh2 1-0

[Event "Paracin op"]
[Site "Paracin"]
[Date "2009.08.23"]
[Round "5"]
[White "Taushanov, Mihail"]
[Black "Mijovic, Cedomir"]
[Result "1-0"]
[WhiteElo "1914"]
[BlackElo "2048"]
[PlyCount "51"]
[EventDate "2009.08.19"]
[EventType "swiss"]
[EventRounds "9"]
[EventCountry "YUG"]
[SourceTitle "CBM 132 Extra"]
[Source "ChessBase"]
[SourceDate "2009.11.03"]
[SourceVersion "1"]
[SourceVersionDate "2009.11.03"]
[SourceQuality "1"]

1. c4 e5 2. g3 c6 3. d4 Qc7 4. dxe5 Qxe5 5. Nf3 Qc7 6. Bf4 Qa5+ 7. Nbd2 d5 8. cxd5 cxd5 9. Bg2 Nc6 10. 0-0 Nf6 11. Re1 Be7 12. Nb3 Qb6 13. Be3 Qd8 14. Nbd4 0-0 15. Rc1 Nxd4 16. Nxd4 a6 17. Qb3 Ne4 18. Red1 Qa5 19. a3 Bf6 20. Qd3 Qa4 21. Bf4 g5 22. Be3 b6 23. Bxe4 dxe4 24. Qxe4 Bh3 25. Qf3 Rfe8 26. Qxf6 1-0

[Event "Paracin op"]
[Site "Paracin"]
[Date "2009.08.20"]
[Round "2"]
[White "Djuretanovic, Ivan"]
[Black "Taushanov, Mihail"]
[Result "0-1"]
[WhiteElo "2150"]
[BlackElo "1914"]
[PlyCount "90"]
[EventDate "2009.08.19"]
[EventType "swiss"]
[EventRounds "9"]
[EventCountry "YUG"]
[SourceTitle "CBM 132 Extra"]
[Source "ChessBase"]
[SourceDate "2009.11.03"]
[SourceVersion "1"]
[SourceVersionDate "2009.11.03"]
[SourceQuality "1"]

1. e4 c5 2. Nf3 Nc6 3. d4 cxd4 4. Nxd4 g6 5. Nxc6 bxc6 6. Qd4 Nf6 7. e5 Nd5 8. e6 f6 9. exd7+ Bxd7 10. Bd3 Bg7 11. h4 e5 12. Qc4 f5 13. Nc3 Nxc3 14. bxc3 e4 15. Be2 Qf6 16. Bd2 Qd6 17. Rd1 Be6 18. Qa4 Qc7 19. h5 Rd8 20. 0-0 0-0 21. Bg5 Rde8 22. hxg6 hxg6 23. Bc4 Qf7 24. Bxe6 Qxe6 25. Qxa7 Rf7 26. Qe3 Be5 27. Bf4 Rh7 28. g3 Bxf4 29. Qxf4 Qxa2 30. Rd6 Rg7 31. Re1 c5 32. Qd2 Kh7 33. Kg2 Qa8 34. Qf4 e3+ 35. f3 Qa2 36. Re2 Qf7 37. Rxe3 g5 38. Qe5 Rxe5 39. Rxe5 f4 40. Ree6 Qf5 41. Re4 fxg3 42. Rde6 g4 43. f4 Qh5 44. Kxg3 Qh3+ 45. Kf2 g3+ 0-1

[Event "Paracin op"]
[Site "Paracin"]
[Date "2009.08.20"]
[Round "3"]
[White "Taushanov, Mihail"]
[Black "Sarenac, David"]
[Result "0-1"]
[WhiteElo "1914"]
[BlackElo "2227"]
[PlyCount "68"]
[EventDate "2009.08.19"]
[EventType "swiss"]
[EventRounds "9"]
[EventCountry "YUG"]
[SourceTitle "CBM 132 Extra"]
[Source "ChessBase"]
[SourceDate "2009.11.03"]
[SourceVersion "1"]
[SourceVersionDate "2009.11.03"]
[SourceQuality "1"]

1. Nf3 d5 2. c4 e6 3. g3 c5 4. Bg2 Nc6 5. cxd5 exd5 6. 0-0 Nf6 7. d4 Be7 8. Nc3 0-0 9. Bg5 c4 10. Ne5 Be6 11. Rc1 h6 12. Be3 Qa5 13. Qd2 Rfd8 14. Nxc6 bxc6 15. Nxd5 Rxd5 16. Bxd5 Qxd5 17. f3 Bh3 18. Rfd1 Re8 19. Bf2 Ne4 20. Qc2 Nxf2 21. Kxf2 Bg5 22. e4 Qd6 23. e5 Qd5 24. f4 Bd8 25. Ke3 c5 26. Qxc4 cxd4+ 27. Rxd4 Qg2 28. Rc2 Qg1+ 29. Kd2 Bb6 30. Rd6 Rc8 31. Qe4 Be3+ 32. Kd3 Bf1+ 33. Re2 Bxe2+ 34. Kxe2 Qf2+ 0-1

[Event "Belgrade Spring op"]
[Site "Belgrade"]
[Date "2009.03.31"]
[Round "9"]
[White "Taushanov, Mihail"]
[Black "Marinkov, Svetislav"]
[Result "1-0"]
[WhiteElo "1931"]
[BlackElo "1996"]
[PlyCount "79"]
[EventDate "2009.03.21"]
[EventType "swiss"]
[EventRounds "9"]
[EventCountry "YUG"]
[SourceTitle "CBM 129 Extra"]
[Source "ChessBase"]
[SourceDate "2009.05.05"]
[SourceVersion "2"]
[SourceVersionDate "2009.05.20"]
[SourceQuality "1"]

1. Nf3 Nf6 2. c4 e6 3. g3 d5 4. Bg2 Be7 5. b3 Ne4 6. Bb2 Bf6 7. d4 c5 8. 0-0 0-0 9. cxd5 exd5 10. Nbd2 Nc6 11. Ne5 Nxd4 12. Nd3 Nxd2 13. Qxd2 Be7 14. Nxc5 Nxe2+ 15. Qxe2 Bxc5 16. Qe5 f6 17. Bxd5+ Kh8 18. Qh5 Bg4 19. Qxg4 Qxd5 20. Rad1 Qg8 21. Rd7 Rf7 22. Rfd1 Rxd7 23. Rxd7 Rd8 24. Bc3 b5 25. Qf5 Rxd7 26. Qxd7 b4 27. Be1 g6 28. Qc6 Qf8 29. Bd2 Qd6 30. Qxd6 Bxd6 31. Be3 a6 32. Bd4 Kg7 33. Kf1 Kf7 34. Ke2 Ke6 35. Kd3 Kf5 36. f3 h5 37. Kc4 g5 38. Bc5 Bxc5 39. Kxc5 g4 40. f4 1-0

[Event "Belgrade Spring op"]
[Site "Belgrade"]
[Date "2009.03.27"]
[Round "6"]
[White "Taushanov, Mihail"]
[Black "Korbovljanovic, Natasa"]
[Result "0-1"]
[WhiteElo "1931"]
[BlackElo "1737"]
[PlyCount "76"]
[EventDate "2009.03.21"]
[EventType "swiss"]
[EventRounds "9"]
[EventCountry "YUG"]
[SourceTitle "CBM 129 Extra"]
[Source "ChessBase"]
[SourceDate "2009.05.05"]
[SourceVersion "2"]
[SourceVersionDate "2009.05.20"]
[SourceQuality "1"]

1. g3 d5 2. Nf3 Bg4 3. Bg2 Nf6 4. c4 c6 5. cxd5 Nxd5 6. 0-0 e6 7. Nc3 Nd7 8. d4 Be7 9. e4 N5f6 10. Qb3 Qb6 11. Qa4 0-0 12. d5 Nc5 13. Qc4 Rfd8 14. dxc6 Qxc6 15. Ne5 Qa6 16. Qxa6 Nxa6 17. Nxg4 Nxg4 18. a3 Nc5 19. b4 Nb3 20. Rb1 Nxc1 21. Rbxc1 a5 22. bxa5 Bxa3 23. Rcd1 Rxd1 24. Rxd1 Bc5 25. Rd7 b6 26. a6 Rxa6 27. Rd8+ Bf8 28. Bh3 Ne5 29. Nb5 Ra1+ 30. Kg2 g5 31. f4 Ra2+ 32. Kf1 gxf4 33. gxf4 Nf3 34. Nc7 Nd2+ 35. Ke1 Nxe4 36. Bxe6 Ra7 37. Bf5 Rxc7 38. Bxe4 Re7 0-1

[Event "FRM-ch 17th"]
[Site "Struga"]
[Date "2008.07.22"]
[Round "9"]
[White "Taushanov, Mihail"]
[Black "Stojkovska, Monika"]
[Result "1/2-1/2"]
[WhiteElo "1919"]
[BlackElo "1869"]
[PlyCount "77"]
[EventDate "2008.07.14"]
[EventType "swiss"]
[EventRounds "9"]
[EventCountry "MKD"]
[SourceTitle "CBM 125 Extra"]
[Source "ChessBase"]
[SourceDate "2008.09.01"]
[SourceVersion "1"]
[SourceVersionDate "2008.09.01"]
[SourceQuality "1"]

1. c4 Nf6 2. g3 d5 3. Bg2 c5 4. cxd5 Nxd5 5. Nc3 Nxc3 6. bxc3 e6 7. Nf3 Nc6 8. 0-0 Be7 9. d4 0-0 10. e4 cxd4 11. cxd4 Bf6 12. Be3 Qa5 13. Qb3 Rd8 14. Rad1 Qb4 15. Qxb4 Nxb4 16. Rb1 a5 17. Rfc1 Nxa2 18. Rc7 Kf8 19. Ne5 Bxe5 20. dxe5 h6 21. Ra1 b5 22. Bf1 b4 23. Rxa2 b3 24. Rb2 a4 25. Bc5+ Kg8 26. Ba3 Rd1 27. Kg2 Ra1 28. Bc5 Rc1 29. Ra7 Rxa7 30. Bxa7 Bd7 31. Be3 Re1 32. Bc4 Bc6 33. Bxb3 axb3 34. Rxb3 Bxe4+ 35. f3 Bd5 36. Rb8+ Kh7 37. Kf2 Rh1 38. Kg2 Re1 39. Kf2 1/2-1/2

[Event "FRM-ch 17th"]
[Site "Struga"]
[Date "2008.07.21"]
[Round "8"]
[White "Petkovski, Vlatko"]
[Black "Taushanov, Mihail"]
[Result "1-0"]
[WhiteElo "2185"]
[BlackElo "1919"]
[PlyCount "58"]
[EventDate "2008.07.14"]
[EventType "swiss"]
[EventRounds "9"]
[EventCountry "MKD"]
[SourceTitle "CBM 125 Extra"]
[Source "ChessBase"]
[SourceDate "2008.09.01"]
[SourceVersion "1"]
[SourceVersionDate "2008.09.01"]
[SourceQuality "1"]

1. d4 f5 2. Bg5 h6 3. Bf4 Nf6 4. h4 e6 5. Nf3 d5 6. Ne5 Bd6 7. e3 0-0 8. Nd2 Ne4 9. f3 Nf6 10. g4 Kh7 11. Bd3 Nc6 12. Qe2 Nb4 13. c3 Nxd3+ 14. Qxd3 Bd7 15. 0-0-0 b5 16. gxf5 exf5 17. Nxd7 Nxd7 18. Bxd6 cxd6 19. Qxb5 Nb6 20. Rdg1 Rb8 21. Qd3 Qc8 22. Rg2 Rf7 23. e4 dxe4 24. fxe4 Kh8 25. exf5 Na4 26. Nc4 Rf6 27. Rhg1 Rb7 28. Ne3 Qc6 29. Ng4 Rff7 1-0

[Event "FRM-ch 17th"]
[Site "Struga"]
[Date "2008.07.15"]
[Round "2"]
[White "Taushanov, Mihail"]
[Black "Sekulovska, Vesna"]
[Result "0-1"]
[WhiteElo "1919"]
[BlackElo "2125"]
[PlyCount "90"]
[EventDate "2008.07.14"]
[EventType "swiss"]
[EventRounds "9"]
[EventCountry "MKD"]
[SourceTitle "CBM 125 Extra"]
[Source "ChessBase"]
[SourceDate "2008.09.01"]
[SourceVersion "1"]
[SourceVersionDate "2008.09.01"]
[SourceQuality "1"]

1. Nf3 d5 2. g3 Nf6 3. c4 c6 4. Bg2 Bg4 5. cxd5 Nxd5 6. Nc3 e6 7. Qb3 Bxf3 8. Bxf3 Qb6 9. Qc2 Nd7 10. d3 Ne5 11. Bg2 Nb4 12. Qd1 Rd8 13. 0-0 Be7 14. Be3 Qa6 15. Ne4 Nc4 16. Bc1 0-0 17. a3 Nb6 18. Bg5 N4d5 19. Bxe7 Nxe7 20. Nc5 Qb5 21. b4 Nbd5 22. Qc2 b6 23. Ne4 Qa6 24. Rfc1 Qb7 25. Nd2 Qb8 26. Nc4 Nf5 27. Qb2 Nde7 28. Ne5 Nd4 29. f4 c5 30. Kf2 f6 31. Nf3 Nxf3 32. Bxf3 cxb4 33. axb4 Rd7 34. b5 Qd6 35. Ra4 e5 36. Qa2+ Kh8 37. Rcc4 exf4 38. gxf4 Ng6 39. Rd4 Qc5 40. Rac4 Qf5 41. Rxd7 Qxd7 42. Bc6 Qh3 43. Qxa7 Qxh2+ 44. Ke3 h5 45. Qxb6 Qg1+ 0-1

[Event "FRM-ch 17th"]
[Site "Struga"]
[Date "2008.07.14"]
[Round "1"]
[White "Ilic, Zoran"]
[Black "Taushanov, Mihail"]
[Result "1-0"]
[WhiteElo "2306"]
[BlackElo "1919"]
[PlyCount "37"]
[EventDate "2008.07.14"]
[EventType "swiss"]
[EventRounds "9"]
[EventCountry "MKD"]
[SourceTitle "CBM 125 Extra"]
[Source "ChessBase"]
[SourceDate "2008.09.01"]
[SourceVersion "1"]
[SourceVersionDate "2008.09.01"]
[SourceQuality "1"]

1. Nf3 f5 2. d4 Nf6 3. Bf4 e6 4. e3 Be7 5. h3 d5 6. Nbd2 Nbd7 7. Be2 0-0 8. 0-0 Ne4 9. Bh2 Kh8 10. c4 c6 11. Ne5 Nxe5 12. Bxe5 Bd6 13. Nf3 Bd7 14. Bxd6 Nxd6 15. Ne5 Be8 16. Qb3 Ne4 17. Qxb7 Rb8 18. Qxa7 Rxb2 19. Qa3 1-0

[Event "FRM CupT"]
[Site "Skopje"]
[Date "2008.05.14"]
[Round "1"]
[White "Taushanov, Mihail"]
[Black "Veleski, Robert"]
[Result "0-1"]
[WhiteElo "1922"]
[BlackElo "2244"]
[PlyCount "54"]
[EventDate "2008.05.14"]
[EventType "team"]
[EventRounds "9"]
[EventCountry "MKD"]
[SourceTitle "CBM 124 Extra"]
[Source "ChessBase"]
[SourceDate "2008.07.03"]
[SourceVersion "1"]
[SourceVersionDate "2008.07.03"]
[SourceQuality "1"]

1. c4 Nf6 2. Nc3 d6 3. g3 c5 4. Bg2 Nc6 5. Nf3 Bg4 6. 0-0 g6 7. a3 Bg7 8. Rb1 0-0 9. b4 Qc8 10. d3 Bh3 11. Bxh3 Qxh3 12. bxc5 Ng4 13. Ne4 Nce5 14. Neg5 Nxf3+ 15. Nxf3 Rac8 16. Be3 dxc5 17. Rxb7 Rc6 18. Rxe7 Rf6 19. Re4 g5 20. Rxg4 Qxg4 21. Nxg5 Ra6 22. Ne4 Rc8 23. Qc2 Rxa3 24. Bxc5 Ra6 25. Be3 Rb8 26. Rb1 Rxb1+ 27. Qxb1 Ra1 0-1

[Event "Skopje op"]
[Site "Skopje"]
[Date "2008.04.16"]
[Round "1"]
[White "Danchevski, Orce"]
[Black "Taushanov, Mihail"]
[Result "1-0"]
[WhiteElo "2435"]
[BlackElo "1850"]
[PlyCount "55"]
[EventDate "2008.04.16"]
[EventType "swiss"]
[EventRounds "9"]
[EventCountry "MKD"]
[SourceTitle "EXT 2011"]
[Source "ChessBase"]
[SourceDate "2010.11.26"]
[SourceVersion "1"]
[SourceVersionDate "2010.11.26"]
[SourceQuality "1"]

1. e4 c5 2. Nc3 Nc6 3. f4 g6 4. Nf3 Bg7 5. Bc4 e6 6. 0-0 Nge7 7. f5 d5 8. fxg6 hxg6 9. Bb5 a6 10. Bxc6+ Nxc6 11. d3 Nd4 12. Bf4 0-0 13. Qd2 Nxf3+ 14. Rxf3 d4 15. Ne2 b5 16. Raf1 e5 17. Bg5 Qc7 18. Ng3 Bg4 19. Rf6 Kh7 20. Qf2 Be6 21. Nf5 Rh8 22. Nxg7 Kxg7 23. Rxe6 fxe6 24. Qf6+ Kh7 25. Rf3 Qg7 26. Rh3+ Kg8 27. Qxe6+ Qf7 28. Rxh8+ 1-0

[Event "Belgrade Spring op"]
[Site "Belgrade"]
[Date "2008.04.02"]
[Round "9"]
[White "Kosovac, Milan"]
[Black "Taushanov, Mihail"]
[Result "1-0"]
[WhiteElo "2035"]
[BlackElo "1850"]
[PlyCount "93"]
[EventDate "2008.03.25"]
[EventType "swiss"]
[EventRounds "9"]
[EventCountry "YUG"]
[SourceTitle "CBM 123 Extra"]
[Source "ChessBase"]
[SourceDate "2008.05.06"]
[SourceVersion "1"]
[SourceVersionDate "2008.05.06"]
[SourceQuality "1"]

1. Nf3 c5 2. c4 g6 3. Nc3 Nc6 4. g3 Bg7 5. Bg2 Nf6 6. 0-0 a6 7. e3 0-0 8. d4 cxd4 9. exd4 d5 10. Ne5 Rb8 11. Nxc6 bxc6 12. c5 a5 13. Re1 Nd7 14. Bh3 Rb4 15. Be3 Re8 16. f4 Rxb2 17. Na4 Rb4 18. a3 Rb5 19. Bxd7 Bxd7 20. Rb1 Qb8 21. Nb6 Rxb1 22. Qxb1 Bf5 23. Qb3 f6 24. Qa4 e5 25. Bf2 Qc7 26. Nxd5 Qb7 27. Nb6 Bd7 28. d5 Rb8 29. d6 Re8 30. fxe5 fxe5 31. Be3 e4 32. Bd4 Bh3 33. Qc4+ Kf8 34. Re2 Bxd4+ 35. Qxd4 Kg8 36. d7 Rd8 37. Rxe4 Rxd7 38. Nxd7 Qb1+ 39. Kf2 Qf1+ 40. Ke3 Qe1+ 41. Kd3 Qd1+ 42. Kc3 Qc1+ 43. Kb3 Qb1+ 44. Qb2 Qd1+ 45. Qc2 Qxd7 46. Qc4+ Kg7 47. Qd4+ 1-0

[Event "Belgrade Spring op"]
[Site "Belgrade"]
[Date "2008.03.27"]
[Round "3"]
[White "Taushanov, Mihail"]
[Black "Radosevic, Nenad"]
[Result "0-1"]
[WhiteElo "1850"]
[BlackElo "2191"]
[PlyCount "80"]
[EventDate "2008.03.25"]
[EventType "swiss"]
[EventRounds "9"]
[EventCountry "YUG"]
[SourceTitle "CBM 123 Extra"]
[Source "ChessBase"]
[SourceDate "2008.05.06"]
[SourceVersion "1"]
[SourceVersionDate "2008.05.06"]
[SourceQuality "1"]

1. c4 Nf6 2. Nc3 g6 3. g3 Bg7 4. Bg2 0-0 5. d3 Nc6 6. e3 d6 7. Nge2 e5 8. 0-0 Nd7 9. Rb1 a5 10. a3 Ne7 11. b4 f5 12. bxa5 c6 13. a4 g5 14. f4 gxf4 15. exf4 Ng6 16. Ba3 Nf6 17. fxe5 dxe5 18. Bxf8 Bxf8 19. d4 e4 20. Qd2 Ng4 21. Nd1 Bh6 22. Nf4 Nxf4 23. gxf4 Bg7 24. d5 c5 25. Bh3 Bd4+ 26. Kh1 Nf6 27. Ne3 Ng4 28. Bxg4 fxg4 29. f5 Qg5 30. Rb3 Ra6 31. Qe2 h5 32. Nc2 Bxf5 33. Rxb7 e3 34. Rb8+ Kh7 35. Rb7+ Kh6 36. Ne1 Be4+ 37. Ng2 h4 38. Kg1 h3 39. Rf4 Bxg2 40. Rxg4 Qxg4 0-1

[Event "Belgrade Spring op"]
[Site "Belgrade"]
[Date "2008.03.25"]
[Round "1"]
[White "Taushanov, Mihail"]
[Black "Starcevic, Goran"]
[Result "0-1"]
[WhiteElo "1850"]
[BlackElo "2236"]
[PlyCount "52"]
[EventDate "2008.03.25"]
[EventType "swiss"]
[EventRounds "9"]
[EventCountry "YUG"]
[SourceTitle "CBM 123 Extra"]
[Source "ChessBase"]
[SourceDate "2008.05.06"]
[SourceVersion "1"]
[SourceVersionDate "2008.05.06"]
[SourceQuality "1"]

1. Nf3 Nf6 2. c4 e6 3. Nc3 d5 4. g3 d4 5. Nb5 Nc6 6. Bg2 a6 7. Na3 e5 8. d3 Bb4+ 9. Bd2 Bc5 10. b4 Nxb4 11. Nxe5 Qe7 12. Qa4+ Nd7 13. 0-0 0-0 14. Nxd7 Bxd7 15. Qb3 Ra7 16. Rfe1 b5 17. Rab1 Nxa2 18. Nc2 Nc3 19. Bxc3 bxc4 20. Qxc4 Be6 21. Qa4 dxc3 22. Nd4 Qf6 23. Nc6 Bxf2+ 24. Kh1 Bxe1 25. Rxe1 Bd7 26. Rf1 Bxc6 0-1

[Event "EU-ch U16 17th"]
[Site "Sibenik"]
[Date "2007.09.17"]
[Round "4"]
[White "Jefic, Srdjan"]
[Black "Taushanov, Mihail"]
[Result "0-1"]
[WhiteElo "2103"]
[BlackElo "1771"]
[PlyCount "80"]
[EventDate "2007.09.14"]
[EventType "swiss"]
[EventRounds "9"]
[EventCountry "CRO"]
[SourceTitle "CBM 120 Extra"]
[Source "ChessBase"]
[SourceDate "2007.11.01"]
[SourceVersion "1"]
[SourceVersionDate "2007.11.01"]
[SourceQuality "1"]

1. e4 c5 2. Nc3 Nc6 3. Bb5 g6 4. Bxc6 dxc6 5. f4 Bg7 6. d3 Nf6 7. Nf3 0-0 8. 0-0 Qc7 9. e5 Nd5 10. Ne4 Qb6 11. c4 Nc7 12. Be3 Ne6 13. Qe2 f5 14. Nc3 Nd4 15. Qf2 Rd8 16. Na4 Nxf3+ 17. Qxf3 Qc7 18. Bxc5 b6 19. Ba3 Bb7 20. Nc3 Rd7 21. Rad1 Rad8 22. Rd2 b5 23. b3 b4 24. Bb2 bxc3 25. Bxc3 c5 26. Qg3 Qc6 27. Rfd1 Bh6 28. Rf2 Kf7 29. h4 Ra8 30. Re1 e6 31. h5 Rg8 32. Qh4 g5 33. fxg5 Bxg5 34. Qh3 f4 35. Bd2 Ke8 36. Re4 Rxd3 37. Qxd3 Qxe4 38. Qd6 Qc6 39. Qb8+ Kf7 40. Qxa7 Ra8 0-1

[Event "EU-ch U16 17th"]
[Site "Sibenik"]
[Date "2007.09.16"]
[Round "3"]
[White "Taushanov, Mihail"]
[Black "Nuri, Kambez"]
[Result "0-1"]
[WhiteElo "1771"]
[BlackElo "2142"]
[PlyCount "80"]
[EventDate "2007.09.14"]
[EventType "swiss"]
[EventRounds "9"]
[EventCountry "CRO"]
[SourceTitle "CBM 120 Extra"]
[Source "ChessBase"]
[SourceDate "2007.11.01"]
[SourceVersion "1"]
[SourceVersionDate "2007.11.01"]
[SourceQuality "1"]

1. Nf3 Nf6 2. c4 g6 3. g3 d6 4. Bg2 e5 5. Nc3 Bg7 6. d4 Nbd7 7. 0-0 0-0 8. Bg5 h6 9. Bd2 e4 10. Ne1 Re8 11. e3 Nb6 12. b3 Bf5 13. f3 Qd7 14. fxe4 Nxe4 15. Nxe4 Bxe4 16. Bxe4 Rxe4 17. Qf3 Rae8 18. Nc2 f5 19. Rae1 Qe7 20. d5 c5 21. Na3 Nd7 22. Qe2 Ne5 23. Rf4 Ng4 24. Rxe4 Qxe4 25. Nb5 Be5 26. Nc7 Re7 27. Ne6 b5 28. Qf1 Qc2 29. Re2 bxc4 30. bxc4 Qxc4 31. e4 Rf7 32. h3 fxe4 33. Bf4 Qxd5 34. Nd8 Bd4+ 35. Kh1 e3+ 36. Rg2 Nf2+ 37. Kh2 Rf8 38. Qb1 Qh5 39. Rxf2 exf2 40. Ne6 Qf5 0-1